Mitochondria: Structure biogenesis and transducing functions (Record no. 24563)

MARC details
000 -LEADER
fixed length control field 00428nam a2200145Ia 4500
082 ## - DEWEY DECIMAL CLASSIFICATION NUMBER
Classification number 576.311.347
Item number TED
100 ## - MAIN ENTRY--AUTHOR NAME
Personal name TEDESCHI, H
245 #0 - TITLE STATEMENT
Title Mitochondria: Structure biogenesis and transducing functions
260 ## - PUBLICATION, DISTRIBUTION, ETC. (IMPRINT)
Place of publication New York
Name of publisher Springer Verlag
Year of publication 1974
490 ## - SERIES STATEMENT
Series statement Cell biology monograph; v 4
650 ## - SUBJECT ADDED ENTRY--TOPICAL TERM
Topical Term Mitochondria
650 ## - SUBJECT ADDED ENTRY--TOPICAL TERM
Topical Term Oxidative phosphorylation
942 ## - ADDED ENTRY ELEMENTS (KOHA)
Koha item type Books
Holdings
Withdrawn status Lost status Damaged status Not for loan Home library Current library Date acquired Full call number Accession Number Koha item type
        RRII Library RRII Library 16/12/2021 576.311.347 TED 05244 Books